[Event "GER-chT U14"]
[Site "Kelheim"]
[Date "2022.12.28"]
[Round "3"]
[White "Sato, Kai Nathan"]
[Black "Knuepfer, Johannes"]
[Result "1/2-1/2"]
[WhiteElo "1432"]
[BlackElo "1242"]
[PlyCount "135"]
[EventDate "2022.12.26"]
[EventType "team-swiss"]
[EventRounds "7"]
[EventCountry "GER"]
[SourceTitle "CBM 212 Extra"]
[Source "ChessBase"]
[SourceDate "2023.03.31"]
[SourceVersion "1"]
[SourceVersionDate "2023.03.31"]
[SourceQuality "1"]
[WhiteTeam "Dresden TU"]
[BlackTeam "Halle USV"]
[WhiteTeamCountry "GER"]
[BlackTeamCountry "GER"]

1. e4 e5 2. Nf3 Nc6 3. Bc4 Bc5 4. c3 Nf6 5. d3 d6 6. 0-0 a6 7. a4 0-0 8. h3 Be6 9. Bxe6 fxe6 10. b4 Ba7 11. Bb2 Nh5 12. b5 Nb8 13. d4 exd4 14. cxd4 Nd7 15. Nbd2 Nf4 16. e5 dxe5 17. dxe5 Qe7 18. Ne4 axb5 19. axb5 Bb6 20. Kh2 Nc5 21. Qc2 Ncd3 22. Bc3 Rad8 23. Rad1 Qe8 24. Qb3 Qg6 25. Ng3 Bxf2 26. Rxf2 Nxf2 27. Rxd8 Rxd8 28. Qc4 Qf7 29. Ng5 Qe7 30. Qxf4 Nd3 31. Qg4 Re8 32. Qe4 Qxg5 33. Qxd3 Rd8 34. Qc4 Qe7 35. Qg4 Rd5 36. Bb4 Qf7 37. Bc3 Rxb5 38. Qa4 c6 39. Qa8+ Qf8 40. Qa2 Qe7 41. Nf5 Qd7 42. Qa8+ Kf7 43. Nd6+ Kg6 44. Nxb5 cxb5 45. Qa2 Kf7 46. Qe2 Kg8 47. Bb4 Qc6 48. Bd6 Qd7 49. Qa2 Qc8 50. Qa5 Qd7 51. Qa8+ Kf7 52. Qf8+ Kg6 53. Qf4 h6 54. g4 Qc6 55. Qe3 Qc2+ 56. Kg3 Qb1 57. h4 Kh7 58. Kf3 Qd1+ 59. Qe2 Qh1+ 60. Qg2 Qd1+ 61. Kf4 Qc1+ 62. Kg3 Qc3+ 63. Kh2 Qd3 64. Qxb7 Qd2+ 65. Qg2 Qf4+ 66. Kh3 Qe3+ 67. Qg3 Qe4 68. Qf2 1/2-1/2

[Event "GER-chT U14"]
[Site "Willingen"]
[Date "2021.06.25"]
[Round "3.7"]
[White "Karpen, Jakob"]
[Black "Knuepfer, Johannes"]
[Result "1-0"]
[WhiteElo "1365"]
[BlackElo "1238"]
[PlyCount "66"]
[EventDate "2021.06.23"]
[EventType "team-swiss"]
[EventRounds "7"]
[EventCountry "GER"]
[SourceTitle "EXT 2022"]
[Source "ChessBase"]
[SourceDate "2021.10.06"]
[SourceVersion "1"]
[SourceVersionDate "2021.10.06"]
[SourceQuality "1"]
[WhiteTeam "Vaterstetten Grasbrunn"]
[BlackTeam "Halle USV"]
[WhiteTeamCountry "GER"]
[BlackTeamCountry "GER"]

1. d4 d5 2. c4 e6 3. e3 Nf6 4. Nf3 Be7 5. Nc3 0-0 6. Bd3 dxc4 7. Bxc4 a6 8. 0-0 b5 9. Bd3 Bb7 10. a4 b4 11. Na2 a5 12. b3 c5 13. Bb2 Nc6 14. Rc1 cxd4 15. Nxd4 Nxd4 16. Bxd4 Qd5 17. f3 Rfd8 18. Bc4 Qh5 19. Qe2 Bd6 20. g3 e5 21. Bb6 Rdc8 22. e4 Nd7 23. Be3 Bc5 24. Bb5 Bxe3+ 25. Qxe3 Rd8 26. Rc7 Bc8 27. Rd1 f6 28. Bxd7 Qf7 29. Qd3 Kf8 30. Bxc8 Rxd3 31. Rxf7+ Kxf7 32. Rxd3 Rxc8 33. Rd2 Rc3 1-0